Hacia una economía más humana: Reflexiones cristianas para el desarrollo de Panamá con prioridad en los más pobres /

Guardado en:
書目詳細資料
主要作者: Wolfschoon, Julia Regales de
其他作者: ed.
格式: Texto
出版: Pánama: Editorial Litográfica
標簽: 添加標簽
沒有標簽, 成為第一個標記此記錄!

MARC

LEADER 00000 a a2200000 04500
001 23071
003
040 |a CRAI/IIS  |c CRAI/IIS 
090 |a 159100  
100 |a Wolfschoon, Julia Regales de.  
245 |a Hacia una economía más humana: Reflexiones cristianas para el desarrollo de Panamá con prioridad en los más pobres /  |c Julia Regales de Wolfschoon  
260 |a Pánama:   |b Editorial Litográfica  
300 |a 143 p   |b **no definido**  
700 |a ed.  
999 |c 4316  |d 4316